LDR 00752naa#a2200169#i#450# 001 EN\\bibl\121925 005 20260511195254.1 011 ## _a2687-0185 100 ## _a20260319b2026####ek#y0engy0150####ca 102 ## _aRU 200 1# _aModern status, trends and prospects for improving the juvenile delinquency prevention system in the Russian Federation _eJournal article 210 1# _aMoscow _cMoscow University of the Ministry of Internal Affairs of Russia named after V.Ya. Kikot _d2026 215 ## _a3 с. 608 ## _aJournal article _2local 675 ## _aУголовное право. Уголовное судопроизводство. Криминология. Криминалистика. 343 _z 700 #1 _aGrin'ko _gSergey Dmitrievich 856 4# _amosumvd.editorum.ru _u